Angličtina pro mírně a středně pokročilé samouky /

Hlavní autor: Kollmannová, Ludmila, 1921-
Jazyk: Čeština
Angličtina
Vydáno: Voznice : Leda, 2014
Vydání: 2., přeprac. vyd.
Témata:
Fyzický popis: 359 s. : il., mapy ; 21 cm + 2 CD
Knihy
Uloženo v:
LEADER 01575nam a2200433 a 4500
001 nkc20142589548
003 CZ PrNK
005 20140827132012.0
007 ta
008 140513s2014 xr ab g p 000 0 cze
015 |a cnb002589548 
020 |a 978-80-7335-317-9  |q (brož.) 
035 |a (OCoLC)883372559 
040 |a BOA001  |b cze 
041 0 |a cze  |a eng 
072 7 |a 811.111  |x Angličtina  |2 Konspekt  |9 11 
072 7 |a 37.016  |x Učební osnovy. Vyučovací předměty. Učebnice  |2 Konspekt  |9 22 
080 |a 811.111  |2 MRF 
080 |a (075)  |2 MRF 
100 1 |a Kollmannová, Ludmila,  |d 1921-  |7 jk01061372  |4 aut 
245 1 0 |a Angličtina pro mírně a středně pokročilé samouky /  |c Ludmila Kollmannová 
246 3 |a Angličtina pro samouky 
250 |a 2., přeprac. vyd. 
260 |a Voznice :  |b Leda,  |c 2014 
300 |a 359 s. :  |b il., mapy ;  |c 21 cm +  |e 2 CD 
500 |a Anglicko-český slovník 
650 0 7 |a angličtina  |7 ph114056  |2 czenas 
650 0 9 |a English language  |2 eczenas 
653 0 |a jazyková úroveň B1 
655 7 |a učebnice  |7 fd133770  |2 czenas 
655 7 |a jazykové učebnice, texty, příručky (B)  |7 fd600891  |2 czenas 
655 9 |a textbooks  |2 eczenas 
655 9 |a language textbooks, texts, handbooks (B)  |2 eczenas 
910 2 |a BOA001  |b 2-1324.624 
990 |a BK 
995 |a 01 
991 |b 201405  |c NOV  |e n 
996 6 |b 2610591654  |c 2-1324.624  |l MZK  |r Sklad / do 1 hodiny  |n 13  |p p.v.  |w 001422657  |u 000010  |a 1  |e BOA001  |j MZK50  |s P 
996 7 |b 2610602005  |c 2-1324.624  |l MZK  |r Sklad / do 1 hodiny  |n 24  |p kup  |w 001422657  |u 000020  |a 1  |e BOA001  |j MZK50  |s A